| Tag |
First Indicator |
Second Indicator |
Subfields |
| LEADER |
00000cam a22000001a 4500 |
| 001 |
in00002788721 |
| 005 |
20190331181756.0 |
| 006 |
m o d |
| 007 |
cr bn mmmapmmp |
| 008 |
091231s1927 dcud o f000 0 eng d |
| 035 |
|
|
|a cis2004334785
|
| 040 |
|
|
|a UMI
|c UMI
|d UtOrBLW
|
| 043 |
|
|
|a n-us---
|
| 086 |
0 |
|
|a W 49.1/1:926
|
| 099 |
|
|
|a ProQuest Serial Set Number 8881 H.doc.99
|
| 110 |
1 |
|
|a United States.
|b Congress.
|b House.
|b Committee on Insular Affairs.
|
| 245 |
1 |
0 |
|a Annual Report of the Governor General of the Philippine Islands 1926.
|
| 246 |
1 |
|
|a Report of governor general of Philippine Islands, 1926
|
| 264 |
|
1 |
|a Washington :
|b [publisher not identified],
|c 1927.
|
| 300 |
|
|
|a 1 online resource.
|
| 336 |
|
|
|a text
|b txt
|2 rdacontent
|
| 337 |
|
|
|a computer
|b c
|2 rdamedia
|
| 338 |
|
|
|a online resource
|b cr
|2 rdacarrier
|
| 490 |
0 |
|
|a H.doc.99
|
| 500 |
|
|
|a Record is based on bibliographic data in ProQuest U.S. Serial Set Digital Collection (last viewed Dec. 2009). Reuse except for individual research requires license from ProQuest, LLC.
|
| 510 |
3 |
|
|a ProQuest U.S. Serial Set Digital Collection
|
| 500 |
|
|
|a Electronic resource.
|
| 650 |
|
0 |
|a Agriculture.
|
| 650 |
|
0 |
|a Business.
|
| 651 |
|
0 |
|a Philippines.
|
| 655 |
|
7 |
|a Electronic books.
|2 local
|
| 710 |
2 |
|
|a ProQuest (Firm)
|
| 710 |
1 |
|
|a United States.
|b Philippine Commission (1900-1916)
|
| 830 |
|
0 |
|a United States congressional serial set.
|
| 856 |
4 |
0 |
|u http://proxy.library.tamu.edu/login?url=http://congressional.proquest.com/congcomp/getdoc?SERIAL-SET-ID=8881+H.doc.99
|z Connect to the full text of this electronic book
|t 0
|
| 999 |
|
|
|a MARS
|
| 999 |
f |
f |
|s e6bcdf70-bfb2-3a87-a1c8-d9c6583ab4ec
|i 11c76566-e8f7-3cf0-a7d4-8cde7c919aaa
|t 0
|
| 952 |
f |
f |
|a Texas A&M University
|b College Station
|c Electronic Resources
|d Available Online
|t 0
|e ProQuest Serial Set Number 8881 H.doc.99
|h Other scheme
|
| 998 |
f |
f |
|a ProQuest Serial Set Number 8881 H.doc.99
|t 0
|l Available Online
|